000 00751nam a22002657a 4500
003 CHAP
005 20220329134128.0
008 971013s1948 r 00010 d
010 _a15839
011 _a16811
035 _a20893
040 _cCHAP
082 _a634
_bH63
100 0 0 _aHoare, A. H.
_955694
245 _aFruit culture
260 _aLondon :
_bThomas Nelson,
_c1948
300 _a347 p.
_b: ilus.
590 _aBATCH-UPD
_b10
_c20130110
_lUCH01
_h2003
590 _aCONVERSION
_b10
_c20130109
_lUCH01
_h1310
650 1 4 _aFruticultura.
_943684
901 _aBK
942 _cLIBRO
949 _a634 H63
_bBC
_cLIBRO
_d33724000220182
_eLIBRO
_h22925
_i20893
_si
949 _a634 H63
_bBC
_cLIBRO
_d33724000220190
_eLIBRO
_fc.2
_h22926
_i20893
_si
999 _c15839
_d15839